Practical design of digital circuits (Record no. 54224)

MARC details
000 -LEADER
fixed length control field 00513nam a2200145 a 4500
008 - FIXED-LENGTH DATA ELEMENTS--GENERAL INFORMATION
fixed length control field 120416s0000 ||||||||||||||||| || u
020 ## - INTERNATIONAL STANDARD BOOK NUMBER
International Standard Book Number 0408011831
050 ## - LIBRARY OF CONGRESS CALL NUMBER
Classification number TK 7874 Kam
100 ## - MAIN ENTRY--PERSONAL NAME
Personal name Kampel, Ian
245 10 - TITLE STATEMENT
Title Practical design of digital circuits
260 ## - PUBLICATION, DISTRIBUTION, ETC.
Place of publication, distribution, etc. London
Name of publisher, distributor, etc. Newnes Technical Books
Date of publication, distribution, etc. 1983
300 ## - PHYSICAL DESCRIPTION
Extent xviii, 301p. : ill.
350 ## - PRICE (NR) (BK AM CF MU VM SE) [OBSOLETE]
Price 0.00
995 ## - RECOMMENDATION 995 [LOCAL, UNIMARC FRANCE]
-- 0.00
-- CBU-MAIN LIBRARY (Kitwe)
-- 1
-- 14.95
-- AVAILABLE
-- Annex Low-Usage Collection
Holdings
Withdrawn status Lost status Source of classification or shelving scheme Damaged status Not for loan Home library Current library Shelving location Date acquired Total Checkouts Full call number Barcode Date last seen Price effective from Koha item type
          CBU-MAIN LIBRARY, KITWE. CBU-MAIN LIBRARY, KITWE.   11/30/2022   TK 7874 Kam 016498 11/30/2022 11/30/2022 MONOGRAPH